Statistics for Pokémon names ending with letter T

Click here to take the quiz!

General Stats

  • This quiz has been taken 383 times
    (64 since last reset)
  • The average score is 42 of 79

Answer Stats

GenPokémon% Correct
IICrobat
78%
VDewott
78%
IDiglett
78%
IGolbat
78%
VOshawott
78%
VSamurott
78%
IIIShuppet
78%
IXWiglett
78%
IZubat
78%
IIFurret
72%
IISentret
72%
VBouffalant
67%
IIICrawdaunt
67%
IIHoothoot
67%
VIIINickit
67%
VPatrat
67%
IIISwampert
67%
IVChatot
61%
VKarrablast
61%
VINoibat
61%
IParasect
61%
IPidgeot
61%
VRufflet
61%
IIISeedot
61%
VShelmet
61%
VUnfezant
61%
VIIBounsweet
56%
VIIICorviknight
56%
VDucklett
56%
IXGlimmet
56%
VIIIGreedent
56%
IXPoltchageist
56%
VIIIPolteageist
56%
VIIRowlet
56%
IIISwalot
56%
VSwoobat
56%
IIIVolbeat
56%
VWoobat
56%
VIIIArctozolt
50%
IXBellibolt
50%
IBellsprout
50%
IXBrute Bonnet
50%
IIICamerupt
50%
VGenesect
50%
VGolett
50%
VIIIGrapploct
50%
VJellicent
50%
VIIISkwovet
50%
VIITorracat
50%
VITrevenant
50%
VITyrunt
50%
VWhimsicott
50%
IXBrambleghast
44%
IXCharcadet
44%
VIChesnaught
44%
VIIICufant
44%
VIIIDracozolt
44%
VIGogoat
44%
VIGourgeist
44%
IXIron Valiant
44%
IXKingambit
44%
VLampent
44%
IVMesprit
44%
VIISandygast
44%
IVenonat
44%
VIIVikavolt
44%
VIIICramorant
39%
VIIIDragapult
39%
VLilligant
39%
IXPawmot
39%
VIISalandit
39%
IIISurskit
39%
IIIWynaut
39%
VDurant
33%
IVKricketot
33%
IIWobbuffet
33%
VIIIRaboot
28%
IIISnorunt
28%
IXRaging Bolt
22%

Score Distribution

Percentile by Number Answered

Percent of People with Each Score

Your Score History

You have not taken this quiz since the last reset